000 00374nam a2200145Ia 4500
008 151213s9999 xx 000 0 und d
100 _aBvaris Ford
245 _aFrom Donne To Markell
_cBvaris Ford
260 _aLondon
_bPenguing Player
_c1956
300 _a8866 p.
650 _aEnglish Literature
650 _aEnglish Literature
700 _aBvaris Ford
999 _c4651
_d4651